LEADER 00929nam a2200217 i 4500 001 000000051434 003 CaOOAMICUS 005 20100513000000.0 008 100513s1983 it u000 u ita u 013 $a22606 040 $aSeMil$bita 100 1 $aColombo, Giovanni,$c.$0(OLS)http://semarc/name/1549 245 10$aAi Presbiteri e al Seminario Ambrosiani :$bcome un ricordo /$cGiovanni Colombo. 260 $aMilano :$bNED,$cstampa 1983. 300 $a37 p. ;$c19 cm. 500 $aSul front. : Dedica autografa del cardinale. 650 4$aVescovi milanesi - Scritti e discorsi.$0(OLS)http://semarc/subject/1169 850 $aSeMil 852 $aSeMil$W1$xVenegono$y1$m2F IV 152$j17589$B17589$CSeMilBibl$Z2$F17590 $81 996 $6245$aAi Presbiteri e al Seminario Ambrosiani :$bcome un ricordo$9(OLS)http://semarc/title/78766 996 $6260$aMilano :$bNED$9(OLS)http://semarc/publisher/30187 LEADER 01156nam a2200265 i 4500 001 000000183123 003 CaOOAMICUS 005 20181212114120.0 008 091106s2009 it u000 u ita u 013 $a161085 040 $aSeMil$bita 100 1 $aFrigerio, Luca,$d<1968- >.$0(OLS)http://semarc/name/64183 245 10$aLazzati :$bil maestro, il testimone, l'amico /$cLuca Frigerio ; prefazione del cardinale Dionigi Tettamanzi. 260 $aMilano :$bPaoline,$c2009. 300 $a316 p., [16] p. di tav. :$bill. ;$c22 cm 490 0 $aUomini e donne ;$v94 650 4$aLazzati, Giuseppe <1909-1986>.$0(OLS)http://semarc/subject/9 700 1 $aTettamanzi, Dionigi,$c.$0(OLS)http://semarc/name/89456 830 0$aUomini e donne ;$v94.$0(OLS)http://semarc/title/10136 850 $aSeMil 852 $aSeMil$W1$xVenegono$y1$m3J III 371$j133827$B133827$CSeMilBibl$Z2$F145567 $81 961 $aOmaggio: Monti don Eros 996 $6245$aLazzati :$bil maestro, il testimone, l'amico$9(OLS)http://semarc/title/262821 996 $6260$aMilano :$bPaoline$9(OLS)http://semarc/publisher/29684